000 00634nam a2200265Ia 4500
005 20260121170456.0
008 008 260114s9999 xx 000 0 eng d
020 _a9783319773209
037 _aEBOOK
040 _aCRL
040 _beng
040 _cCRL
041 _2eng
041 _aeng
084 _qCRL
100 _aJ. Angelo Corlett
_91064339
245 0 _aInterpreting Plato Socratically
260 _bSpringer
260 _bSpringer
260 _c2018
856 _uhttps://link.springer.com/openurl?genre=book&isbn=978-3-319-77320-9
942 _cEBOOK
999 _c1630068
_d1630068